Thiên nhiên - một biểu tượng nghệ thuật trong thơ trữ tình của Tagore Luận văn tốt nghiệp Đại học Sư phạm ngành Văn Khóa 18

में बचाया:
ग्रंथसूची विवरण
मुख्य लेखक: Trần Thị Ngọc Hiền
स्वरूप: पुस्तक
भाषा:Undetermined
प्रकाशित: Cần Thơ Trường Đại học Cần Thơ, Khoa Sư phạm 1996
विषय:
टैग : टैग जोड़ें
कोई टैग नहीं, इस रिकॉर्ड को टैग करने वाले पहले व्यक्ति बनें!
Thư viện lưu trữ: Trung tâm Học liệu Trường Đại học Cần Thơ
LEADER 00730nam a2200193Ia 4500
001 CTU_15196
008 210402s9999 xx 000 0 und d
082 |a 808.1 
082 |b H305/1996 
100 |a Trần Thị Ngọc Hiền 
245 0 |a Thiên nhiên - một biểu tượng nghệ thuật trong thơ trữ tình của Tagore 
245 0 |b Luận văn tốt nghiệp Đại học Sư phạm ngành Văn Khóa 18 
245 0 |c Trần Thị Ngọc Hiền 
260 |a Cần Thơ 
260 |b Trường Đại học Cần Thơ, Khoa Sư phạm 
260 |c 1996 
650 |a indian poetry 
904 |i chi, 961205 
980 |a Trung tâm Học liệu Trường Đại học Cần Thơ